<?xml version="1.0" encoding="UTF-8"?><?xml-stylesheet type="text/xsl" href="static/style.xsl"?><OAI-PMH xmlns="http://www.openarchives.org/OAI/2.0/" xmlns:xsi="http://www.w3.org/2001/XMLSchema-instance" xsi:schemaLocation="http://www.openarchives.org/OAI/2.0/ http://www.openarchives.org/OAI/2.0/OAI-PMH.xsd"><responseDate>2026-06-07T05:28:58Z</responseDate><request verb="GetRecord" identifier="oai:riuma.uma.es:10630/45516" metadataPrefix="marc">https://riuma.uma.es/rest/oai/request</request><GetRecord><record><header><identifier>oai:riuma.uma.es:10630/45516</identifier><datestamp>2026-02-18T00:46:55Z</datestamp><setSpec>com_10630_2254</setSpec><setSpec>col_10630_37953</setSpec></header><metadata><record xmlns="http://www.loc.gov/MARC21/slim" xmlns:dcterms="http://purl.org/dc/terms/" xmlns:doc="http://www.lyncode.com/xoai" xmlns:xsi="http://www.w3.org/2001/XMLSchema-instance" xsi:schemaLocation="http://www.loc.gov/MARC21/slim http://www.loc.gov/standards/marcxml/schema/MARC21slim.xsd">
   <leader>00925njm 22002777a 4500</leader>
   <datafield ind2=" " ind1=" " tag="042">
      <subfield code="a">dc</subfield>
   </datafield>
   <datafield ind2=" " ind1=" " tag="720">
      <subfield code="a">González Nieto, Diego</subfield>
      <subfield code="e">author</subfield>
   </datafield>
   <datafield ind2=" " ind1=" " tag="260">
      <subfield code="c">2017</subfield>
   </datafield>
   <datafield ind2=" " ind1=" " tag="520">
      <subfield code="a">El objetivo de este artículo es analizar las posturas políticas de los obispos de la provincia eclesiástica de Toledo durante el conflicto entre Enrique IV y su hermano Alfonso (1465-1468). Para ello, en primer lugar, se enumeran los prelados objeto de estudio (los obispos de Palencia, Segovia, Jaén, Cuenca, Osma, Sigüenza y Córdoba). En segundo lugar, se examina cómo se produjo la división de los obispos ?entre los que apoyaron a Enrique (enriqueños) y los que apoyaron a Alfonso (alfonsinos)?; y la evolución de sus lealtades durante los tres años de guerra civil. Tras determinar sus posturas, este estudio realiza un análisis de los móviles que influyeron en sus conductas, los factores que determinaron su decisión. Para hacer esto, una amplia variedad de condicionantes de distinto carácter son evaluados. Motivos de naturaleza eclesiástica, religiosa, económica, política, social e ideológica son atendidos. El objetivo final es conocer el papel del episcopado castellano en este conflicto, con el fin de ofrecer nuevas perspectivas sobre esta guerra y su contexto.</subfield>
   </datafield>
   <datafield ind1="8" ind2=" " tag="024">
      <subfield code="a">González Nieto, Diego, “Los obispos de la provincia eclesiástica de Toledo en la guerra civil castellana (1465-1468): posicionamientos y móviles”, Revista Historia Autónoma, 10 (2017), pp. 31-47</subfield>
   </datafield>
   <datafield ind1="8" ind2=" " tag="024">
      <subfield code="a">https://hdl.handle.net/10630/45516</subfield>
   </datafield>
   <datafield ind1="8" ind2=" " tag="024">
      <subfield code="a">10.15366/rha2017.10.002</subfield>
   </datafield>
   <datafield tag="653" ind2=" " ind1=" ">
      <subfield code="a">Episcopado - Historia</subfield>
   </datafield>
   <datafield ind2="0" ind1="0" tag="245">
      <subfield code="a">Los obispos de la provincia eclesiástica de Toledo en la guerra civil castellana (1465-1468): Posicionamientos y móviles</subfield>
   </datafield>
</record>
</metadata></record></GetRecord></OAI-PMH>